| Tag |
First Indicator |
Second Indicator |
Subfields |
| LEADER |
00000cam a2200000 i 4500 |
| 001 |
in00003480418 |
| 005 |
20210312122841.0 |
| 006 |
m o d f |
| 007 |
cr b|||||||||| |
| 008 |
140220s2013 dcu ob f000 0 eng c |
| 035 |
|
|
|a (OCoLC)ocn870873235
|
| 042 |
|
|
|a pcc
|
| 043 |
|
|
|a n-us-ma
|
| 040 |
|
|
|a GPO
|b eng
|e rda
|e pn
|c GPO
|d MvI
|
| 049 |
|
|
|a WWW
|
| 074 |
|
|
|a 0520-B-32 (online)
|
| 086 |
0 |
|
|a HS 1.22:13-44
|
| 088 |
|
|
|a OIG-13-44
|
| 110 |
1 |
|
|a United States.
|b Department of Homeland Security.
|b Office of Inspector General,
|e author.
|
| 245 |
1 |
0 |
|a Massachusetts' management of Homeland Security Grant Program awards for fiscal years 2008 through 2011.
|
| 264 |
|
1 |
|a Washington, DC :
|b Department of Homeland Security, Office of Inspector General,
|c 2013.
|
| 300 |
|
|
|a 1 online resource (50 pages)
|
| 336 |
|
|
|a text
|b txt
|2 rdacontent
|
| 337 |
|
|
|a computer
|b c
|2 rdamedia
|
| 338 |
|
|
|a online resource
|b cr
|2 rdacarrier
|
| 500 |
|
|
|a Title from title screen (viewed Feb. 20, 2014).
|
| 500 |
|
|
|a "February 2013."
|
| 504 |
|
|
|a Includes bibliographical references.
|
| 500 |
|
|
|a "OIG-13-44."
|
| 650 |
|
0 |
|a Emergency management
|z Massachusetts
|x Finance
|x Auditing.
|
| 650 |
|
0 |
|a Grants-in-aid
|z Massachusetts
|x Auditing.
|
| 650 |
|
0 |
|a Civil defense
|z Massachusetts
|x Finance
|x Auditing.
|
| 650 |
|
0 |
|a Federal aid to terrorism prevention
|z Massachusetts
|x Auditing.
|
| 650 |
|
0 |
|a National security
|z United States
|x Finance
|x Auditing.
|
| 856 |
4 |
0 |
|u https://purl.fdlp.gov/GPO/gpo46082
|t 0
|
| 856 |
4 |
0 |
|u http://purl.fdlp.gov/GPO/gpo46082
|t 0
|
| 999 |
f |
f |
|s e22b9d7c-e884-3e61-a6ae-91637836da78
|i 64f88145-6064-35e8-a237-ff5571aa010b
|t 0
|
| 952 |
f |
f |
|a Texas A&M University
|b College Station
|c Electronic Resources
|d Available Online
|t 0
|e HS 1.22:13-44
|h Superintendent of Documents classification
|
| 998 |
f |
f |
|a HS 1.22:13-44
|t 0
|l Available Online
|